ISO 9001 within the Swedish construction sector (Record no. 64209)

MARC details
000 -LEADER
fixed length control field 00916cam a2200229 4500
001 - CONTROL NUMBER
control field ABS62570
008 - FIXED-LENGTH DATA ELEMENTS--GENERAL INFORMATION
fixed length control field 000000n2000 000 0 eng u
035 ## - SYSTEM CONTROL NUMBER
System control number (Sirsi) u107393
100 ## - MAIN ENTRY--PERSONAL NAME
Personal name Landin, A.
245 ## - TITLE STATEMENT
Title ISO 9001 within the Swedish construction sector
260 ## - PUBLICATION, DISTRIBUTION, ETC.
Date of publication, distribution, etc. 2000
490 ## - SERIES STATEMENT
Series statement Construction Management and Economics
Volume/sequential designation 18(5) 2000, 509-518(10)
520 ## - SUMMARY, ETC.
Summary, etc. A study which analyses how the ISO 9000 framework can be used in the construction process. Data was compiled from twelve companies in Sweden that applied the quality system standard ISO 9001. Discusses methodology, the quality management approach, and ISO 9001 versus the construction process. Table. References.
590 ## - LOCAL NOTE (RLIN)
Local note ABS
650 ## - SUBJECT ADDED ENTRY--TOPICAL TERM
Topical term or geographic name entry element ISO 9001: 2000
650 ## - SUBJECT ADDED ENTRY--TOPICAL TERM
Topical term or geographic name entry element SWEDEN
650 ## - SUBJECT ADDED ENTRY--TOPICAL TERM
Topical term or geographic name entry element CERTIFICATION
650 ## - SUBJECT ADDED ENTRY--TOPICAL TERM
Topical term or geographic name entry element QUALITY MANAGEMENT
650 ## - SUBJECT ADDED ENTRY--TOPICAL TERM
Topical term or geographic name entry element ISO 9000
690 ## - LOCAL SUBJECT ADDED ENTRY--TOPICAL TERM (OCLC, RLIN)
Topical term or geographic name as entry element BUILDING AND CONSTRUCTION-MANAGEMENT
942 ## - ADDED ENTRY ELEMENTS (KOHA)
Suppress in OPAC 0
Holdings
Withdrawn status Lost status Source of classification or shelving scheme Damaged status Not for loan Home library Current library Shelving location Date acquired Total Checkouts Full call number Barcode Date last seen Copy number Price effective from Koha item type
    Dewey Decimal Classification     London London Journal article 31/07/2000   ABS62570 107393-1001 06/08/2019 1 06/08/2019 Journal article